The Penguin new writing / (Record no. 21735)
[ view plain ]
| 000 -LEADER | |
|---|---|
| fixed length control field | 01436nas a2200361 a 4500 |
| 001 - CONTROL NUMBER | |
| control field | 21735 |
| 003 - CONTROL NUMBER IDENTIFIER | |
| rucl marc code | BD-RjUL |
| 005 - DATE AND TIME OF LATEST TRANSACTION | |
| control field | 20211209000725.0 |
| 008 - FIXED-LENGTH DATA ELEMENTS--GENERAL INFORMATION | |
| fixed length control field | 140305s1950 enkqr p 0 0eng c |
| 035 ## - SYSTEM CONTROL NUMBER | |
| System control number | (BD-RjUL)21800 |
| 040 ## - CATALOGING SOURCE | |
| Original cataloging agency | MnMULS |
| Language of cataloging | eng |
| Transcribing agency | MnMULS |
| Modifying agency | N |
| -- | OCoLC |
| -- | N |
| -- | InU |
| -- | MH |
| -- | DLC |
| -- | OCoLC |
| -- | NLGGC |
| -- | OCoLC |
| -- | DEBBG |
| -- | GBVCP |
| -- | OCoLC |
| -- | GWDNB |
| -- | OCoLC |
| -- | BD-RjUL |
| 041 ## - LANGUAGE CODE | |
| Language code of text/sound track or separate title | eng |
| 082 00 - DEWEY DECIMAL CLASSIFICATION NUMBER | |
| Classification number | 808.8 |
| Author mark and year | PEN V-40 1950 |
| 245 04 - TITLE STATEMENT | |
| Title | The Penguin new writing / |
| Statement of responsibility, etc. | edited by John Lehmann |
| Number of part/section of a work | 40 |
| 260 ## - PUBLICATION, DISTRIBUTION, ETC. (IMPRINT) | |
| Place of publication, distribution, etc. | Harmondsworth, Eng. : |
| Name of publisher, distributor, etc. | Allen Lane Penguin Books, |
| Date of publication, distribution, etc. | 1950. |
| 300 ## - PHYSICAL DESCRIPTION | |
| Pagination | 128 p. : |
| Illustrations | ill. ; |
| Size | 18 cm. |
| 580 ## - LINKING ENTRY COMPLEXITY NOTE | |
| Linking entry complexity note | Includes selections from: New writing (later Folios of new writing); and New writing and daylight. |
| 650 #0 - SUBJECT ADDED ENTRY--TOPICAL TERM | |
| Topical term or geographic name as entry element | Literature, Modern |
| Chronological subdivision | 20th century |
| Form subdivision | Periodicals. |
| 9 (RLIN) | 67113 |
| Topical term or geographic name as entry element | Engels. |
| Source of heading or term | gtt |
| 9 (RLIN) | 67114 |
| Topical term or geographic name as entry element | Letterkunde. |
| Source of heading or term | gtt |
| 9 (RLIN) | 652 |
| 700 1# - ADDED ENTRY--PERSONAL NAME | |
| Personal name | Lehmann, John, |
| Dates associated with a name | 1907-1987. |
| 776 08 - ADDITIONAL PHYSICAL FORM ENTRY | |
| Relationship information | Online version: |
| Title | Penguin new writing |
| Record control number | (OCoLC)567559506 |
| 787 1# - OTHER RELATIONSHIP ENTRY | |
| Title | New writing (London, England) |
| Record control number | (DLC)sf 84007004 |
| -- | (OCoLC)5978293 |
| Title | Folios of new writing |
| Record control number | (DLC) 37011079 |
| -- | (OCoLC)6267639 |
| Title | New writing and daylight |
| Record control number | (DLC) 43004354 |
| -- | (OCoLC)1760009 |
| 942 ## - ADDED ENTRY ELEMENTS (KOHA) | |
| Source of classification or shelving scheme | Dewey Decimal Classification |
| Koha item type | Books |
| Lost status | Source of classification or shelving scheme | Damaged status | Not for loan | Collection code | Permanent Location | Current Location | Shelving location | Date acquired | Source of acquisition | Cost, normal purchase price | Total Checkouts | Full call number | Date last seen | Copy number | Koha item type |
|---|---|---|---|---|---|---|---|---|---|---|---|---|---|---|---|
| Dewey Decimal Classification | Added to bundle | Non-fiction | Central Library, University of Rajshahi | Central Library, University of Rajshahi | Reading Room | 16/10/1965 | Blackwell | 1.60 | 808.8 PEN V-40 1950 | 05/03/2014 | C-1 | Books |